Aplicaciones informt̀icas de gestin̤ comercial

Detalles Bibliográficos
Autor principal: Rumn̕ Hermoso, Jos ̌Manuel
Formato: eBook
Lenguaje:español
Publicado: Bogot:̀ Ediciones de la U, 2019
Materias:
Acceso en línea:Acceso restringido

MARC

LEADER 00000nam a22000007a 4500
005 2019111808278.0
007 cr|||| ||||
008 191118s2019 co |||||s|||| 00||0 spa d
020 |a 978-958-792-069-7 
035 |a 30706 
040 |a vLex 
090 |c 10060  |d 10060 
100 1 |a Rumn̕ Hermoso, Jos ̌Manuel 
245 1 0 |a Aplicaciones informt̀icas de gestin̤ comercial  |h [Recurso electrn̤ico] /  |c Jos ̌Manuel Rumn̕ Hermoso 
256 |a Servicio en ln̕ea 
260 |a Bogot:̀  |b Ediciones de la U,  |c 2019 
300 |a 1 recurso electrn̤ico 
506 1 |a Disponible solo en los productos indicados  |d vLex Global  |d vLex Global (Academic Edition, excluding Law Schools)  |d vLex Global (U.S. Academic Edition, Law Schools)  |d vLex Global (U.S. Academic Edition, excluding Law Schools)  |d vLex Global (Academic Edition, Law Schools) 
650 0 4 |a Derecho Mercantil y de la Empresa  |z Colombia 
740 0 |a vLex Libros (Servicio en ln̕ea) 
856 4 0 |u http://vlex.com/source/aplicaciones-informaticas-gestion-comercial-30706  |z Acceso restringido 
942 |c BOOK 
999 0 |a Commercial and Business Law